000
00320nam a22001337a 4500
005
20240130115106.0
008
240130b |||||||| |||| 00| 0 eng d
020
_a
81-7866-783-5
041
_a
eng
100
_a
NAIR, SUJA R.
_9
1480
245
_a
CONSUMER BEHAVIOUR IN INDIAN PERSPECTIVE
300
_a
548;P
942
_c
BK
999
_c
8505
_d
8503